000 00652nam a22002417a 4500
003 UA-OsUOA
001 34242
007 ta
008 20050927b un ||||| |||| 00| 0 ukr d
100 _aДыгат С.
090 _a821.162.1
_bД87
942 _cBK
040 _aUA-OsUOA
_brus
_cUA-OsUOA
_dUA-OsUOA
245 _aПрощание
_bроманы
300 _a427 с.
955 _a3
041 _arus
080 _a821.162.1
260 _aКишенев
_bКартя Молдовеняскз
_c1981
246 3 1 _aПутешествие
_n
650 7 _a82 Література. Літературознавство
_2UDC
999 _c320676
_d320676